000 00663nam a2200229Ia 4500
003 GCL
008 140319s9999 xx 000 0 ara d
040 _aGCL /
_cGCL
082 0 4 _a241
_bس ا
100 1 _aسعيد حوى
245 1 0 _aالله جل جلاله /
_cسعيد حوى
260 _aبيروت :
_bدار عمار للنشر والتوزيع ،
_c1988
300 _a160 ص ؛
_c24سم
490 _aدراسات منهجية هادفة
_v1
650 0 4 _aالاسلام
650 0 4 _aالوحدانية
650 0 4 _aالله
650 0 4 _aالتوحيد
650 0 4 _aالدين
650 0 4 _aفلسفة الاليات
942 _2ddc
_cBK
999 _c55674
_d55674